| 000 | 00642cam a2200229 4500 | ||
|---|---|---|---|
| 001 | J2482 | ||
| 008 | 090401t1976 xxu||||| |||| 00| 0 eng d | ||
| 035 | _a(Sirsi) u49287 | ||
| 041 | _aeng | ||
| 050 | _a333.337 | ||
| 245 | _aRentals & values. - 1st edition (May 1974) - 5th edition (October 1976) | ||
| 260 |
_aLondon _bPortfold Publications Limited _c1974-1976 |
||
| 300 | _a5 pt. in one volume ; 30cn. | ||
| 350 | _a0 | ||
| 650 | _aPROPERTY-COMMERCIAL PROPERTY | ||
| 650 | _aRENT | ||
| 650 | _aRENTAL COMPARISONS | ||
| 650 | _aRENTALS AND VALUES | ||
| 690 | _aPROPERTY-COMMERCIAL PROPERTY | ||
| 942 | _n0 | ||
| 948 | _c04/03/1997 | ||
| 999 |
_c92544 _d92544 |
||